| 000 | 00455nam a2200157 i 4500 | ||
|---|---|---|---|
| 001 | 150576 | ||
| 003 | ES-MaACL | ||
| 005 | 20230906203559.0 | ||
| 007 | t| | ||
| 008 | 071031s1975 sp ||||1| spa d | ||
| 100 | 1 |
_aValdivieso, Antonio. _9112550 |
|
| 245 | 1 | 0 |
_aPinturas / _cAntonio Valdivieso. |
| 260 |
_aGranada : _bBanco de Granada. GalerĂa de Exposiciones, _c1975. |
||
| 300 |
_a37 p. : _bil. ; _c22 cm. |
||
| 852 |
_aES-MaACL _j2094-F-45 _bR.91484 |
||
| 999 |
_c150576 _d150576 |
||